<?xml version="1.0" encoding="UTF-8"?>
<record
    xmlns:xsi="http://www.w3.org/2001/XMLSchema-instance"
    xsi:schemaLocation="http://www.loc.gov/MARC21/slim http://www.loc.gov/standards/marcxml/schema/MARC21slim.xsd"
    xmlns="http://www.loc.gov/MARC21/slim">

  <leader>01136nam a22002657a 4500</leader>
  <datafield tag="952" ind1=" " ind2=" ">
    <subfield code="0">0</subfield>
    <subfield code="1">0</subfield>
    <subfield code="2">lcc</subfield>
    <subfield code="4">0</subfield>
    <subfield code="7">0</subfield>
    <subfield code="a">11</subfield>
    <subfield code="b">11</subfield>
    <subfield code="d">2015-04-14</subfield>
    <subfield code="l">5</subfield>
    <subfield code="o">NC730 G725 2008</subfield>
    <subfield code="p">11 011583</subfield>
    <subfield code="r">2025-04-09</subfield>
    <subfield code="s">2025-04-08</subfield>
    <subfield code="t">1</subfield>
    <subfield code="w">2015-04-14</subfield>
    <subfield code="y">LB</subfield>
  </datafield>
  <datafield tag="999" ind1=" " ind2=" ">
    <subfield code="c">91127</subfield>
    <subfield code="d">91127</subfield>
  </datafield>
  <controlfield tag="008">131030t    2008ge ||||| |||| 00| 0 spa d</controlfield>
  <datafield tag="020" ind1=" " ind2=" ">
    <subfield code="a">978-3-8228-5786-1</subfield>
  </datafield>
  <datafield tag="050" ind1=" " ind2=" ">
    <subfield code="a">NC730 G725 2008</subfield>
  </datafield>
  <datafield tag="100" ind1=" " ind2=" ">
    <subfield code="a">Gray, Peter</subfield>
    <subfield code="e">autor</subfield>
  </datafield>
  <datafield tag="240" ind1=" " ind2=" ">
    <subfield code="a">The Complete Guide to Drawing &amp; Illustration</subfield>
    <subfield code="l">Espa&#xF1;ol</subfield>
  </datafield>
  <datafield tag="245" ind1=" " ind2=" ">
    <subfield code="a">Aprender a dibujar </subfield>
    <subfield code="b">: Gu&#xED;a pr&#xE1;ctica de dibujo para principiantes y avanzados</subfield>
    <subfield code="c">/ Peter Gray; tr. Marta Mill&#xE1;n i Ari&#xF1;o</subfield>
  </datafield>
  <datafield tag="260" ind1=" " ind2=" ">
    <subfield code="a">K&#xF6;ln, Germany</subfield>
    <subfield code="b">: Evergreen</subfield>
    <subfield code="c">, 2008</subfield>
  </datafield>
  <datafield tag="300" ind1=" " ind2=" ">
    <subfield code="a">304 p&#xE1;ginas</subfield>
    <subfield code="b">: ilustraciones</subfield>
  </datafield>
  <datafield tag="336" ind1=" " ind2=" ">
    <subfield code="a">texto</subfield>
  </datafield>
  <datafield tag="337" ind1=" " ind2=" ">
    <subfield code="a">sin medio </subfield>
  </datafield>
  <datafield tag="338" ind1=" " ind2=" ">
    <subfield code="a">volumen</subfield>
  </datafield>
  <datafield tag="500" ind1=" " ind2=" ">
    <subfield code="a">Traducci&#xF3;n de: The Complete Guide to Drawing &amp; Illustration.</subfield>
  </datafield>
  <datafield tag="505" ind1=" " ind2=" ">
    <subfield code="a">Los primeros trazos  
Objetos y observaci&#xF3;n  
El Paisaje de la Naturaleza  
Visita a la ciudad  
Dibujar rostros  
La figura humana  
La creaci&#xF3;n de personajes  
El reino animal  </subfield>
  </datafield>
  <datafield tag="519" ind1=" " ind2=" ">
    <subfield code="a">Plan flexible / </subfield>
    <subfield code="b">Dise&#xF1;o gr&#xE1;fico / </subfield>
    <subfield code="c">Dibujo de objetos (B04-3) / </subfield>
    <subfield code="d">(11 011583)</subfield>
  </datafield>
  <datafield tag="650" ind1=" " ind2=" ">
    <subfield code="a">DIBUJO </subfield>
    <subfield code="x">T&#xC9;CNICA</subfield>
  </datafield>
  <datafield tag="650" ind1=" " ind2=" ">
    <subfield code="a">DIBUJO  </subfield>
    <subfield code="x">ESTUDIO Y ENSE&#xD1;ANZA.</subfield>
  </datafield>
  <datafield tag="650" ind1=" " ind2=" ">
    <subfield code="a">DISE&#xD1;O GR&#xC1;FICO</subfield>
  </datafield>
  <datafield tag="700" ind1=" " ind2=" ">
    <subfield code="a">I. MILL&#xC1;N, Marta ; tr.</subfield>
  </datafield>
  <datafield tag="942" ind1=" " ind2=" ">
    <subfield code="c">LB</subfield>
  </datafield>
</record>
